Investigation the Temporal Changes in Precipitation and the Spatial Extent of Consequent Flooding in Pakistan / (Record no. 525775)

000 -LEADER
fixed length control field 00629nam a22001937a 4500
003 - CONTROL NUMBER IDENTIFIER
control field NUST
005 - DATE AND TIME OF LATEST TRANSACTION
control field 20190704092626.0
008 - FIXED-LENGTH DATA ELEMENTS--GENERAL INFORMATION
fixed length control field 190704b ||||| |||| 00| 0 eng d
038 ## - RECORD CONTENT LICENSOR
Staff Name Attaullah.
082 ## - DEWEY DECIMAL CLASSIFICATION NUMBER
Classification number 628
100 ## - MAIN ENTRY--PERSONAL NAME
Personal name Sheikh, Mariam
9 (RLIN) 16720
245 ## - TITLE STATEMENT
Title Investigation the Temporal Changes in Precipitation and the Spatial Extent of Consequent Flooding in Pakistan /
Statement of responsibility, etc. Mariam Sheikh.
260 ## - PUBLICATION, DISTRIBUTION, ETC.
Place of publication, distribution, etc. Islamabad :
Name of publisher, distributor, etc. IESE - NUST,
Date of publication, distribution, etc. 2017.
300 ## - PHYSICAL DESCRIPTION
Extent xv, 71 p. : ill. ;
Dimensions 30cm.
500 ## - GENERAL NOTE
General note Hard Cover.
650 ## - SUBJECT ADDED ENTRY--TOPICAL TERM
Topical term or geographic name entry element Environmental Science - MS Thesis.
9 (RLIN) 16562
700 ## - ADDED ENTRY--PERSONAL NAME
Personal name Dr. Fahim Khokhar.
9 (RLIN) 16721
942 ## - ADDED ENTRY ELEMENTS (KOHA)
Source of classification or shelving scheme
Koha item type Thesis
Holdings
Withdrawn status Lost status Source of classification or shelving scheme Damaged status Not for loan Permanent Location Current Location Shelving location Date acquired Total Checkouts Full call number Barcode Date last seen Price effective from Koha item type
          Central Library (CL) Central Library (CL) Thesis 07/04/2019   628 CL-T-2023 07/05/2019 07/04/2019 Thesis
© 2023 Central Library, National University of Sciences and Technology. All Rights Reserved.